En la huella de San Ignacio: semblanzas de jesuitas en Chile

Kaydedildi:
Detaylı Bibliyografya
Yazar: Tampe, Eduardo (Yazar)
Materyal Türü: Kitap
Dil:İspanyolca
Baskı/Yayın Bilgisi: Santiago INPRU 1996
Edisyon:1a. ed
Konular:
Etiketler: Etiketle
Etiket eklenmemiş, İlk siz ekleyin!

MARC

LEADER 00000nam a2200000 a 4500
001 UCU4876
003 CL-VaPUC
008 960531e19960217CL |||||||||||||||||spa|d
082 0 4 |a 266  |b TAM  |2 21 
100 0 |a Tampe, Eduardo  |e author  |9 362586 
245 1 0 |a En la huella de San Ignacio: semblanzas de jesuitas en Chile 
250 |a 1a. ed 
300 |a 364 p 
942 |c BK 
945 |d 19960531 00:00:00  |a rbrito 
260 |a Santiago  |b INPRU  |c 1996 
600 0 7 |a JESUITAS  |2 CL-VaPUC  |9 323765 
650 0 |a Misioneros  |9 324171 
650 0 |a Historia  |9 255047 
650 7 |a MISIONES  |2 CL-VaPUC  |9 269280 
650 0 |a Guerra de Arauco  |9 267618 
650 7 |a EVANGELIZACION  |2 CL-VaPUC  |9 362587 
650 0 |a Universidades católicas   |9 309230 
650 7 |a MOVIMIENTOS RELIGIOSOS  |2 CL-VaPUC  |9 346572 
651 7 |a CHILE  |2 CL-VaPUC  |9 362588 
583 |a last modification  |c 19960531 00:00:00  |k Rodrigo Vera 
999 |c 248404  |d 248402 
952 |0 0  |1 0  |4 0  |6 266_000000000000000_TAM_1996  |7 0  |8 A  |9 265010  |a BIBEDU  |b BIBEDU  |d 2019-11-19  |i 3206394  |o 266 TAM 1996  |p 3206394  |r 2019-11-19  |w 2019-11-19  |y BK  |k LIT 
952 |0 0  |1 0  |4 0  |6 266_000000000000000_TAM_1996  |7 0  |8 A  |9 265011  |a BIBEDU  |b BIBEDU  |d 2019-11-19  |i 3206408  |o 266 TAM 1996  |p 3206408  |r 2019-11-19  |w 2019-11-19  |y BK  |k EDU 
952 |0 0  |1 0  |4 0  |6 266_000000000000000_TAM_1996  |7 0  |8 A  |9 265012  |a BIBTEO  |b BIBTEO  |d 2019-11-19  |i 3207099  |o 266 TAM 1996  |p 3207099  |r 2025-01-17  |w 2019-11-19  |y BK  |k ICR 
952 |0 0  |1 0  |4 0  |6 266_000000000000000_TAM_1996  |7 0  |8 A  |9 265013  |a BIBTEO  |b BIBTEO  |d 2019-11-19  |i 3206386  |o 266 TAM 1996  |p 3206386  |r 2025-01-17  |w 2019-11-19  |y BK  |k ICR 
952 |0 0  |1 0  |4 0  |6 266_000000000000000_TAM_1996  |7 0  |8 X  |9 265014  |a FDOBUD  |b FDOBUD  |d 2019-11-19  |i 1011936  |o 266 TAM 1996  |p 1011936  |r 2019-11-19  |w 2019-11-19  |y BK_X  |k BUD